| 000 | 00360 a2200109 4500 | ||
|---|---|---|---|
| 001 | ART_45477 | ||
| 005 | 20260410162040.0 | ||
| 008 | 260409a | ||
| 245 | 1 | 0 | _aEl principio de reserva de ley, la doctrina de la Corte Suprema y el impuesto ley 25.413 |
| 100 | 1 | _aSpisso, Rodolfo Roque | |
| 773 | 0 |
_tImpuestos _g- NÂș 24 (mar. 2018) _wREV45175 |
|
| 999 |
_c34830 _d34830 |
||